000 00698nam a2200217 i 4500
001 73422
003 ES-MaACL
005 20240502063042.0
007 t|
008 041011s2003 sp ||||1| spa d
020 _a84-9742-259-7
080 _a821.134.2-14"19"
100 _aTalens, Jenaro,
_d1946-
_9235316
245 1 3 _aEl espesor del mundo
_b: = On the nature of things /
_cJenaro Talens ; versión inglesa de Noga Tornapolsky.
260 _aMadrid :
_bBiblioteca Nueva,
_c[2003]
300 _a60 p. ;
_c21 cm.
500 _aTexto español y traducción al inglés.
700 1 _aTornapolsky, Noga.
_9110659
852 _aES-MaACL
_jL-28205
_bR.134041
999 _c73422
_d73422